[Event "Legislatura Portena Open 2019"]
[Site "Buenos Aires"]
[Date "2019.03.23"]
[Round "4.10"]
[White "Dolezal, Cristian"]
[Black "Meza, Anahi"]
[Result "1-0"]
[WhiteElo "2392"]
[BlackElo "2073"]
[Annotator "TA"]
[PlyCount "71"]
[EventDate "2019.03.20"]
[EventType "swiss"]
[EventCountry "ARG"]
[SourceTitle "playchess.com"]
[Source "ChessBase"]
[SourceQuality "1"]

{[%evp 17,71,75,84,52,95,87,107,112,109,111,110,108,171,67,163,99,112,108,141,137,169,167,161,156,197,191,169,152,210,228,225,231,334,332,372,290,577,583,579,562,571,527,538,538,494,470,629,605,623,548,531,548,1003,985,29992,400]} 1. d4 Nf6 2. c4 g6 3. Nc3 Bg7 4. e4 d6 5. Nf3 O-O 6. Be2 e5 7. d5 Nbd7 8. Be3 Nc5 9. Nd2 a5 10. h4 {E93: King's Indian: Classical: Petrosian System with 7...Nbd7} c6 11. h5 a4 $146 ({Predecessor:} 11... Bd7 12. hxg6 fxg6 13. dxc6 Bxc6 14. Bxc5 dxc5 15. Nd5 b5 16. cxb5 Nxd5 17. Bc4 Kh8 18. exd5 Bxd5 {1-0 (55) Zubov,A (2626)-Losonczi,M (2242) Krakow 2017}) 12. h6 {White is better.} Bh8 13. Bxc5 dxc5 14. Nxa4 b5 (14... Qc7 $16) 15. Nc3 ({But not} 15. Nxc5 $6 bxc4 16. dxc6 (16. Bxc4 cxd5 17. exd5 Qb6 $14) 16... Qa5 $16) ({White has to play} 15. cxb5 $18 cxd5 16. Nxc5) 15... bxc4 ({Better is} 15... b4 $14) 16. Bxc4 ({White should try} 16. dxc6 $18 Qe8 17. Qc2 (17. Bxc4 Qxc6 18. Qe2 Rd8 $16)) 16... cxd5 $16 17. Nxd5 ({Don't play} 17. exd5 e4 $14) 17... Bb7 {[%cal Rf6d5] [#]} 18. Nc3 $1 Qa5 19. Qe2 Qb4 20. Rb1 Rad8 21. a3 Qa5 22. Nb3 Qb6 (22... Qc7 $16 23. O-O Nd7) 23. O-O $18 Nh5 24. g3 Qf6 (24... Bf6 {might work better.} 25. a4 Bg5) 25. Nxc5 Bc6 26. Bd5 Bxd5 $2 (26... Bd7 {keeps fighting.} 27. Nxd7 Rxd7) 27. Nxd5 Qg5 28. Qg4 Bf6 29. Nxf6+ Qxf6 30. Nd7 Rxd7 31. Qxd7 Qf3 32. Rbc1 {[%cal Bb1c1,Bc1c3,Bc3b3][%mdl 32] White wants to mate with Rc8.} Nf6 33. Qd6 Ng4 {intending ...Ne3.} 34. Rc3 Qe2 35. Rb3 {White threatens Rb8 and mate.} Nh2 {[#]} 36. Qd1 {Accuracy: White = 68%, Black = 12%.} (36. Qf6 $142 $1 {[%mdl 512]} Qxf1+ 37. Kxh2 Qxf2+ 38. Qxf2 Rc8 39. Qf6 Kf8 40. Rb7 Rc2+ 41. Kh3 Rh2+ 42. Kxh2 Kg8 43. Qg7#) 1-0

[Event "Legislatura Portena Open 2019"]
[Site "Buenos Aires"]
[Date "2019.03.25"]
[Round "5.1"]
[White "Tristan, Leonardo"]
[Black "Quiroga, Facundo"]
[Result "0-1"]
[WhiteElo "2504"]
[BlackElo "2267"]
[Annotator "TA"]
[PlyCount "88"]
[EventDate "2019.03.20"]
[EventType "swiss"]
[EventCountry "ARG"]
[SourceTitle "playchess.com"]
[Source "ChessBase"]
[SourceQuality "1"]

{[%evp 16,88,2,0,3,0,0,2,8,2,6,-16,-12,-13,-14,-12,-17,-17,-8,-10,-10,-7,8,-6,-5,-27,66,-46,26,26,21,16,25,18,19,11,36,22,39,16,22,0,0,-8,-8,-8,-8,-16,0,-6,-3,-90,-85,-110,-91,-90,-87,-976,-1012,-1216,-1195,-1166,-1106,-1139,-1133,-1007,-962,-2178,-1921,-29970,-29972,-29977,-29979,-29979,-29977]} 1. e4 c5 2. Nf3 d6 3. c3 Nf6 4. Be2 g6 5. O-O Bg7 6. Bb5+ Bd7 7. Bxd7+ Nbxd7 8. Re1 O-O 9. d4 Rc8 {B50: Sicilian: 2...d6, Miscellaneous} 10. Bg5 $146 ({Predecessor:} 10. e5 dxe5 11. dxe5 Ng4 12. e6 Nde5 13. Nxe5 Nxe5 14. Qb3 Qc7 15. Nd2 c4 16. Qc2 f5 17. b3 cxb3 18. Qxb3 {0-1 (34) Akopian,V (2675)-Bok,B (2598) Doha 2016}) 10... cxd4 11. cxd4 Qb6 {The position is equal.} 12. Qe2 h6 13. Bxf6 Nxf6 14. Nc3 e6 15. Rad1 Rfd8 16. Rd2 d5 17. e5 Nd7 18. h4 Rc4 19. Nd1 Rdc8 20. h5 Rc1 (20... gxh5 $11 21. Nc3 a6) 21. Ne3 (21. hxg6 $14 fxg6 22. Nc3 Rxe1+ 23. Nxe1) 21... Qa6 ({Better is} 21... gxh5 $15 22. Rdd1 Rxd1 23. Rxd1 Qa6 24. Qxa6 bxa6) 22. Qxa6 bxa6 23. hxg6 fxg6 24. Rxc1 Rxc1+ 25. Kh2 Nb6 26. Rd3 a5 27. Nd2 a4 28. f4 Bf8 29. g4 a3 30. bxa3 Ra1 31. f5 Rxa2 {Threatening ...gxf5.} 32. fxe6 Rxa3 33. Rb3 {[#]} (33. Nb3 $1 $11) 33... Rxb3 $1 $17 34. Nxb3 {[%mdl 4096] Endgame [#] KBN-KNN} Bb4 $1 35. Nc5 Bc3 36. Nf5 $2 {[%mdl 8192]} (36. Nc2 $17) 36... gxf5 $19 37. gxf5 Bxd4 38. Nd3 Nc4 39. Kg3 Bxe5+ 40. Kg4 Bf6 {And now ...Ne5+ would win.} 41. Kh5 Kg7 42. Nf4 Ne3 {Black mates.} 43. e7 Bxe7 44. f6+ Kxf6 {Accuracy: White = 27%, Black = 57%.} 0-1

[Event "Legislatura Portena Open 2019"]
[Site "Buenos Aires"]
[Date "2019.03.25"]
[Round "5.1"]
[White "Tristan, Leonardo"]
[Black "Quiroga, Facundo"]
[Result "*"]
[WhiteElo "2504"]
[BlackElo "2267"]
[Annotator "TA"]
[PlyCount "35"]
[EventDate "2019.03.20"]
[EventType "swiss"]
[EventCountry "ARG"]
[SourceTitle "playchess.com"]
[Source "ChessBase"]
[SourceQuality "1"]

{[%evp 16,18,0,0,-4]} 1. e4 c5 2. Nf3 d6 3. c3 Nf6 4. Be2 g6 5. O-O Bg7 6. Bb5+ Bd7 7. Bxd7+ Nbxd7 8. Re1 O-O 9. d4 Rc8 {B50: Sicilian: 2...d6, Miscellaneous} {Predecessor:} 10. e5 $146 dxe5 11. dxe5 Ng4 12. e6 Nde5 13. Nxe5 Nxe5 14. Qb3 Qc7 15. Nd2 c4 16. Qc2 f5 17. b3 cxb3 18. Qxb3 {0-1 (34) Akopian,V (2675)-Bok,B (2598) Doha 2016} *

[Event "Legislatura Portena Open 2019"]
[Site "Buenos Aires"]
[Date "2019.03.25"]
[Round "5.2"]
[White "Della Morte, German"]
[Black "Perez, Maximiliano"]
[Result "*"]
[WhiteElo "2366"]
[BlackElo "2418"]
[Annotator "TA"]
[PlyCount "34"]
[EventDate "2019.03.20"]
[EventType "swiss"]
[EventCountry "ARG"]
[SourceTitle "playchess.com"]
[Source "ChessBase"]
[SourceQuality "1"]

{[%evp 9,10,15,37]} 1. d4 Nf6 2. c4 e6 3. Nf3 Bb4+ 4. Bd2 a5 5. g3 d6 {Predecessor:} 6. Bg2 $146 Nbd7 7. Nc3 e5 8. O-O exd4 9. Nxd4 O-O 10. Nd5 Nxd5 11. cxd5 Bc5 12. Bc3 Re8 13. Qd2 Bb6 14. e4 Nc5 15. Qc2 Bd7 16. b3 Qc8 17. Rfe1 Bh3 {1-0 (34) Istratescu,A (2565)-Iordachescu,V (2597) Bucharest 2018} *

[Event "Legislatura Portena Open 2019"]
[Site "Buenos Aires"]
[Date "2019.03.25"]
[Round "5.2"]
[White "Della Morte, German"]
[Black "Perez, Maximiliano"]
[Result "0-1"]
[WhiteElo "2366"]
[BlackElo "2418"]
[Annotator "TA"]
[PlyCount "144"]
[EventDate "2019.03.20"]
[EventType "swiss"]
[EventCountry "ARG"]
[SourceTitle "playchess.com"]
[Source "ChessBase"]
[SourceQuality "1"]

{[%evp 13,144,35,27,27,38,19,16,18,20,3,12,0,9,10,26,18,39,16,22,0,0,0,0,0,31,10,4,-2,25,0,15,-165,-159,-162,-151,-171,-169,-176,-135,-162,-134,-133,-5,0,-8,-24,-22,-13,-6,-33,0,0,0,-30,-25,-30,-31,-34,-19,-19,-8,-43,-8,-8,0,-8,-8,-37,-45,-122,-41,-45,-41,-55,-12,-12,-12,-41,-19,-19,-19,-27,-27,-41,-27,-51,-51,-52,-41,-122,-60,-122,-122,-122,-122,-122,-122,-126,-126,-126,-126,-126,-177,-177,-179,-179,-217,-217,-8,-29953,-29956,-29957,-29956,-29952,-29952,-29958,-29959,-29954,-29961,-29960,-29963,-29963,-29962,-29960,-29945,-29965,-29966,-29977,-29978,-29978,-29979,-29978,-29978]} 1. d4 Nf6 2. c4 e6 3. Nf3 Bb4+ 4. Bd2 a5 5. g3 d6 6. Bg2 Nbd7 7. O-O e5 8. Bc1 {E11: Bogo-Indian} (8. Be3 O-O 9. Qc2 exd4 10. Bxd4 Re8 11. Nc3 c6 12. Rad1 Qe7 13. a3 Bc5 14. Rfe1 h6 15. e4 Bxd4 16. Nxd4 {½-½ (70) Postny,E (2616)-Van Wely,L (2685) Novi Sad 2016}) 8... exd4 9. Nxd4 O-O 10. Qc2 {The position is equal.} a4 11. Nc3 Nb6 $146 ({Predecessor:} 11... Bc5 12. Rd1 Nb6 13. Rb1 Qe7 14. b4 axb3 15. axb3 c6 {½-½ (75) Dobrov,V (2510)-Diaz Camallonga,C (2437) Barcelona 2017}) 12. Nd5 Bc5 13. Nxb6 Bxb6 14. Nb5 Bc5 15. Rb1 h6 16. b4 axb3 $1 17. axb3 {[%cal Ba2b3,Bb3b4][%mdl 32]} c6 $36 {[%mdl 2048] Black is pushing.} 18. Nc3 Be6 19. b4 Ba7 20. b5 Qc7 21. Qb3 {Strongly threatening b6.} Bc5 22. Na4 $2 (22. Bb2 $11 {and White is okay.}) 22... cxb5 $1 $19 23. Nxc5 Bxc4 {[%mdl 64] Double Attack} ({Don't do} 23... Qxc5 24. Qxb5 Bxc4 25. Qxc5 $15) 24. Qc3 dxc5 25. Bxh6 Bxe2 ({Don't play} 25... gxh6 26. Qxf6 Bxe2 27. Rfe1 $17) 26. Rfe1 Rfe8 ({Reject} 26... gxh6 $6 27. Rxe2 Qb6 28. Re5 $11) 27. Bf4 Qb6 (27... Qa5 $17 28. Qxc5 Bd3 29. Rxe8+ Rxe8) 28. Be3 $1 $11 Bg4 {...Rac8 is the strong threat.} 29. Qxc5 Qxc5 30. Bxc5 Bf5 31. Rbc1 (31. Rxe8+ {keeps more tension.} Rxe8 32. Rd1 Rc8 33. Be3 Ng4 34. Bf4) 31... Be4 32. Bd4 Bxg2 33. Kxg2 (33. Rxe8+ {is more complex.} Nxe8 34. Kxg2 Rd8 35. Be3 Kf8 36. Bc5+) 33... Rxe1 34. Rxe1 {[%mdl 4096] Endgame KRB-KRN} Nd5 35. Kf3 b4 36. Rc1 Ra3+ 37. Ke4 Nc3+ (37... Ne7 {is interesting.} 38. Be3 f5+ 39. Kd4 Nc6+ 40. Kc4 Kf7) 38. Bxc3 $1 bxc3 {KR-KR} 39. Kd3 Ra2 40. Rxc3 Rxf2 {White must now prevent ...Rf3+.} 41. Rc8+ Kh7 42. Rc7 $1 b6 43. Ke3 Rxh2 (43... Rf6 {with more complications.} 44. h4 Kh6 45. Rc8 Rf5 46. g4 Rc5) 44. Rxf7 Rb2 45. Rb7 Rb3+ 46. Kf4 Rb4+ 47. Kg5 Rb5+ 48. Kg4 Kg6 49. Rc7 Rb4+ 50. Kf3 Kh6 51. Rc6+ (51. Re7 $15) 51... g6 (51... Kh5 $17 52. g4+ Kg5) 52. Rd6 (52. Kg2 $1 $15) 52... Kh5 $1 $17 53. Re6 Rb3+ 54. Kf2 g5 55. Re4 b5 {[%cal Bb6b5,Bb5b4,Bb4b3,Bb3b2][%mdl 32]} 56. Rd4 b4 57. Rc4 Rb2+ (57... Rb1 $17 {Hoping for ...b3.} 58. g4+ Kh4) 58. Ke3 $19 b3 59. Rb4 Rb1 {aiming for ...b2.} 60. Kf3 {If only White now had time for Rb6....} g4+ $2 ({Better is} 60... b2 $19 {( -> ...Rf1+)} 61. g4+ Kg6 62. Rb6+ Kf7) 61. Ke3 $2 {[%mdl 8192]} (61. Ke4 $11) 61... b2 {Black mates.} 62. Kd2 Kg5 63. Rb5+ Kf6 64. Kc2 Rg1 65. Kxb2 Rxg3 66. Kc2 {[#]} Re3 $1 67. Kd2 Re7 68. Ra5 Re4 69. Rb5 g3 70. Rb3 Rg4 71. Rb1 g2 72. Rg1 {[#]} Kg5 $1 {Accuracy: White = 45%, Black = 58%.} 0-1

[Event "Legislatura Portena Open 2019"]
[Site "Buenos Aires"]
[Date "2019.03.25"]
[Round "5.3"]
[White "Garcia Palermo, Carlos"]
[Black "Converset, Juan Jose"]
[Result "*"]
[WhiteElo "2407"]
[BlackElo "2227"]
[Annotator "TA"]
[PlyCount "35"]
[EventDate "2019.03.20"]
[EventType "swiss"]
[EventCountry "ARG"]
[SourceTitle "playchess.com"]
[Source "ChessBase"]
[SourceQuality "1"]

{[%evp 19,21,49,53,49]} 1. d4 Nf6 2. c4 g6 3. Nc3 Bg7 4. e4 d6 5. Nge2 O-O 6. Ng3 c5 7. d5 e6 8. Be2 exd5 9. cxd5 a6 10. a4 Re8 {LiveBook: 40 Games. A65: Modern Benoni: 6 e4} 11. O-O {Predecessor:} h5 $146 12. Bg5 Qc7 13. f4 Nh7 14. Bh4 Nd7 15. e5 f5 16. Bxh5 gxh5 17. Qxh5 Rf8 18. e6 {0-1 (52) Bologan,V (2672)-Mamedov,R (2637) Khanty-Mansiysk 2013} *

[Event "Legislatura Portena Open 2019"]
[Site "Buenos Aires"]
[Date "2019.03.25"]
[Round "5.3"]
[White "Garcia Palermo, Carlos"]
[Black "Converset, Juan Jose"]
[Result "1-0"]
[WhiteElo "2407"]
[BlackElo "2227"]
[Annotator "TA"]
[PlyCount "81"]
[EventDate "2019.03.20"]
[EventType "swiss"]
[EventCountry "ARG"]
[SourceTitle "playchess.com"]
[Source "ChessBase"]
[SourceQuality "1"]

{[%evp 26,81,26,44,67,68,69,67,84,73,73,63,79,73,62,50,145,118,117,19,9,13,160,144,190,195,189,193,180,172,413,103,571,592,599,588,564,598,602,597,595,589,595,583,582,586,905,906,904,891,841,691,979,954,954,941,889,883]} 1. d4 Nf6 2. c4 g6 3. Nc3 Bg7 4. e4 d6 5. Nge2 O-O 6. Ng3 c5 7. d5 e6 8. Be2 exd5 9. cxd5 a6 10. a4 Re8 11. O-O Nbd7 12. Bg5 h6 13. Be3 h5 14. f3 Qc7 {A65: Modern Benoni: 6 e4} (14... h4 15. Nh1 Nh7 16. Nf2 g5 17. Qd2 Ne5 18. a5 Rb8 19. Na4 f5 20. exf5 Bxf5 21. Ra3 Rc8 22. Nc3 {1-0 (48) Atalik,S (2599)-Cvitan,O (2538) Paracin 2012}) 15. Qd2 Rb8 16. Rfc1 Ne5 {White is slightly better.} 17. h3 $146 ({Predecessor:} 17. Nh1 Qe7 18. Nf2 Bd7 19. a5 Nh7 20. h3 f5 21. Re1 Qh4 22. f4 Nf7 23. Bf3 b5 24. axb6 fxe4 25. Bxe4 {½-½ (38) Scripcaru,G (2305)-Ursan,P (2175) Baile Felix 2017}) 17... Qe7 18. Bg5 Qf8 19. f4 Ned7 20. e5 $36 {[%mdl 2048] Black is under pressure.} dxe5 (20... Nh7 $1 $14) 21. f5 $16 e4 22. d6 (22. fxg6 $16 fxg6 23. Rf1) 22... e3 $11 23. Bxe3 {Black should prevent fxg6.} Rxe3 (23... h4 $11 24. Nf1 gxf5) 24. Qxe3 $16 Ng4 25. Qe7 ({But not} 25. hxg4 $2 Bd4 $19) 25... Bd4+ 26. Kh1 Nf2+ 27. Kh2 {fxg6 is the strong threat.} Be5 $2 (27... h4) 28. Rd1 $2 (28. fxg6 $18 {has better winning chances.} fxg6 29. Bc4+ Kh8 30. Rf1) 28... gxf5 $2 {[%mdl 8192] [#]} (28... Nxd1 $16 {is tougher.} 29. Rxd1 Bf6) 29. Rd5 $1 $18 {[%cal Rd5e5] White is clearly winning.} Qg7 {[#]} 30. Rxe5 $1 {[%mdl 512]} Qxe5 (30... Nxe5 31. Nxh5) 31. Rf1 f4 32. Nxh5 f3+ 33. Qxe5 Nxe5 34. Rxf2 fxe2 35. Rxe2 Nd7 36. Re8+ Kh7 37. Nd5 b5 38. axb5 axb5 39. Nhf6+ Nxf6 40. Nxf6+ Kg7 41. Ne4 {Accuracy: White = 50%, Black = 36%.} 1-0

[Event "Legislatura Portena Open 2019"]
[Site "Buenos Aires"]
[Date "2019.03.25"]
[Round "5.4"]
[White "Romero Barreto, Jaime Jose"]
[Black "Ricardi, Pablo"]
[Result "1-0"]
[WhiteElo "2337"]
[BlackElo "2485"]
[Annotator "TA"]
[PlyCount "65"]
[EventDate "2019.03.20"]
[EventType "swiss"]
[EventCountry "ARG"]
[SourceTitle "playchess.com"]
[Source "ChessBase"]
[SourceQuality "1"]

{[%evp 15,65,19,28,6,16,8,22,0,21,13,33,15,34,12,50,6,4,14,31,0,52,50,125,97,117,113,84,90,119,37,148,145,141,108,85,0,0,0,0,-112,255,0,793,787,770,770,1082,1080,1083,1033,1028,980]} 1. e4 c5 2. Nf3 d6 3. d4 cxd4 4. Nxd4 Nf6 5. Nc3 a6 6. Be2 e5 7. Nb3 Be6 8. O-O Nbd7 9. Bf3 {B92: Sicilian Najdorf: 6 Be2} Rc8 10. a4 {[%cal Ba2a4,Ba4a5][%mdl 32]} Be7 11. a5 {The position is equal.} O-O 12. Be3 Re8 13. Re1 (13. Qd2 Rc4 14. Rfd1 Bf8 15. Qd3 Rb4 16. Qd2 Rc4 17. Qe1 Qc7 18. Be2 Rc6 19. f3 {1-0 (89) Nakamura,H (2792)-Nepomniachtchi,I (2751) Saint Louis 2017}) 13... Qc7 14. Nc1 Bf8 $146 ({Predecessor:} 14... b6 15. axb6 Nxb6 16. Nd3 Qb7 17. h3 Bd8 18. Bg5 Nbd7 19. Qd2 h6 20. Be3 Nb6 21. b3 Qc7 22. Nb1 d5 23. Bxb6 Qxb6 24. exd5 Nxd5 25. Nxe5 Bg5 26. Qa5 {½-½ (26) Sherwood,R (2310)-Waller,A (2238) ICCF email 2015}) 15. Nd3 d5 16. exd5 Bf5 17. Ra4 (17. g4 $5 {[%cal Rg4f5]} e4 18. gxf5 exd3 19. cxd3 $16 (19. Qxd3 Ne5 $11)) 17... e4 (17... Bd6 $11) 18. Bf4 $14 exd3 (18... Qd8 $1 $14 19. Nxe4 Bxe4 20. Bxe4 b5 21. axb6 Nxb6) 19. Bxc7 dxc2 20. Qc1 Rxe1+ 21. Qxe1 {Hoping for Bb6.} Rxc7 22. Na2 (22. Ra1 $1 $16) 22... Nc5 (22... Ne5 $1 $14 23. Be2 Nxd5) 23. Rc4 $16 Nd3 24. Qc3 $1 Re7 25. g4 (25. Kf1 $16) 25... Re1+ $11 26. Kg2 Bg6 {Threatens to win with ...Ra1.} 27. Qb3 ({But not} 27. Qxc2 $2 Nf4+ $1 {[%mdl 512]} 28. Rxf4 Bxc2 $19) (27. d6 $11 {remains equal.}) 27... Bd6 $2 {[%mdl 8192] [#]} (27... Ra1 $17 {stays on course. White must now prevent ...Nd7.} 28. Rc8 Nd7) 28. Qxb7 $2 (28. Rc8+ $1 $18 Re8 29. Rxe8+ Nxe8 30. Kg1) 28... Nf4+ $2 {[%mdl 8192] [#]} (28... h6 $11) 29. Rxf4 $1 $18 {[%mdl 64] Deflection, Decoy. White is clearly winning.} Bxf4 {[#]} 30. Qb4 $1 Re4 31. Bxe4 Nxe4 32. f3 Bd6 33. Qb6 {Accuracy: White = 41%, Black = 27%.} 1-0

[Event "Legislatura Portena Open 2019"]
[Site "Buenos Aires"]
[Date "2019.03.25"]
[Round "5.4"]
[White "Romero Barreto, Jaime Jose"]
[Black "Ricardi, Pablo"]
[Result "*"]
[WhiteElo "2337"]
[BlackElo "2485"]
[Annotator "TA"]
[PlyCount "30"]
[EventDate "2019.03.20"]
[EventType "swiss"]
[EventCountry "ARG"]
[SourceTitle "playchess.com"]
[Source "ChessBase"]
[SourceQuality "1"]

{[%evp 15,18,8,31,11,8]} 1. e4 c5 2. Nf3 d6 3. d4 cxd4 4. Nxd4 Nf6 5. Nc3 a6 6. Be2 e5 7. Nb3 Be6 8. O-O Nbd7 9. Bf3 {B92: Sicilian Najdorf: 6 Be2} (9. a4 Rc8 10. Re1 Be7 11. Bf3 O-O 12. a5 Nc5 13. Be3 Qc7 14. Nd2 Bd7 15. Nf1 b5 16. axb6 Qxb6 17. Rb1 {0-1 (60) Alekseev,E (2610)-Kantans,T (2473) Minsk 2017}) 9... Rc8 {Predecessor:} 10. Bg5 $146 Qc7 11. Qd2 Be7 12. Rad1 O-O 13. g3 Rfe8 14. Be2 h6 15. Be3 Ng4 {½-½ (40) Ziembinski,M-Kwapisz,S Krakow 1953} *

[Event "Legislatura Portena Open 2019"]
[Site "Buenos Aires"]
[Date "2019.03.25"]
[Round "5.5"]
[White "Benedetti, Julio"]
[Black "Hungaski, Robert"]
[Result "1/2-1/2"]
[WhiteElo "2281"]
[BlackElo "2505"]
[Annotator "TA"]
[PlyCount "160"]
[EventDate "2019.03.20"]
[EventType "swiss"]
[EventCountry "ARG"]
[SourceTitle "playchess.com"]
[Source "ChessBase"]
[SourceQuality "1"]

{[%evp 10,160,27,30,27,27,38,26,17,4,14,2,37,4,4,9,14,11,15,21,26,25,29,25,25,25,108,108,108,108,108,110,140,152,137,141,160,152,158,116,116,116,116,108,117,117,117,117,117,112,117,104,101,91,103,101,103,91,104,103,97,93,94,34,34,34,48,26,19,19,19,19,19,19,48,48,89,33,48,33,48,48,48,162,244,243,196,178,227,48,48,48,48,48,89,48,89,89,50,50,89,89,89,89,89,89,89,89,89,21,29,29,89,89,89,3,89,89,89,89,89,89,89,89,89,89,89,89,89,89,89,3,3,3,3,3,3,3,3,3,3,3,3,3,3,3,8,0,0,0,0,0,0]} 1. e4 d6 2. d4 Nf6 3. Nc3 e5 4. Nf3 Nbd7 5. Bc4 Be7 6. O-O Nb6 {C41: Philidor Defence} 7. Be2 exd4 8. Qxd4 O-O {White has an edge.} 9. h3 c6 10. a4 a5 11. Bf4 $146 ({Predecessor:} 11. Be3 Nbd7 12. Rfd1 Qc7 13. Bf4 Ne8 14. e5 {1-0 (41) Najer,E (2646)-Motylev,A (2686) Moscow 2014}) 11... d5 12. exd5 Nbxd5 13. Nxd5 Qxd5 14. Bc4 $36 {[%mdl 2048] Black is under pressure.} Qxd4 15. Nxd4 Rd8 16. Rad1 Nd5 17. Be5 Bd6 (17... Bc5 $11) 18. Bxd6 $1 $16 Rxd6 {[#]} 19. Nb5 $1 {[%cal Rb5d6][%mdl 512]} cxb5 20. Bxd5 Rb6 21. axb5 Be6 22. c4 a4 23. Rfe1 Kf8 24. Bxe6 Rxe6 25. Rxe6 fxe6 {[%mdl 4096] Endgame KR-KR} 26. Kf1 Ke7 27. Ke2 a3 28. bxa3 Rxa3 29. Rd4 b6 30. g3 Ra2+ 31. Ke3 Rc2 32. Rh4 h6 33. Rg4 g5 34. h4 Kf6 35. Rd4 Ke7 36. Kf3 (36. h5 $16) 36... e5 $1 $14 {[%cal Re5d4]} 37. Rd5 Rc3+ 38. Kg2 {Hoping for hxg5.} Ke6 39. hxg5 hxg5 40. Rd8 Rxc4 41. Rb8 g4 42. Rxb6+ Kd5 43. Rb8 (43. Rg6 $16) 43... Rb4 44. b6 {[%cal Bb5b6,Bb6b7][%mdl 32]} Ke4 45. b7 {Kf1 is the strong threat.} Rb1 46. Kh2 Rb6 (46... Rb2 $142) 47. Kg1 $1 $18 Rb1+ 48. Kg2 Rb6 {If only Black now had time for ...Rb1....} 49. Rg8 $2 (49. Kf1 $18) 49... Rxb7 $14 50. Rxg4+ Kf5 51. Ra4 Rb2 52. Ra8 Rb3 53. Rf8+ Kg5 54. Rf3 Rb1 55. Re3 Kf5 56. Kf3 Rg1 {[#]} 57. g4+ $1 {[%mdl 512]} Kf6 (57... Rxg4 58. Rxe5+) 58. Rb3 Ra1 59. Rb8 (59. Ke3 $16) 59... Ra3+ 60. Kg2 Kg5 {[#]} (60... e4 $1 $11) 61. f3 $1 $16 Kf6 62. Re8 (62. Kf2 $16) 62... Ra1 (62... Ra2+ $1 $11 {remains equal.} 63. Kh3 Ra3) 63. Rf8+ Ke7 64. Rf5 Ke6 65. Rh5 Ra2+ 66. Kg3 Ra3 67. Rh6+ Kf7 {[#]} 68. Kf2 $1 Rb3 69. Rc6 Ra3 70. g5 (70. Rd6 $16) 70... Rb3 $11 {The position is equal.} 71. Rf6+ Ke7 $1 72. Rf5 Ke6 $1 {[%cal Re6f5]} 73. Rf8 Ke7 74. Ra8 Kf7 75. Ra6 Rc3 76. Rh6 Ra3 77. Rf6+ Ke7 $1 78. f4 exf4 79. Rxf4 Ra5 80. Rg4 Kf7 {Accuracy: White = 61%, Black = 61%.} 1/2-1/2

[Event "Legislatura Portena Open 2019"]
[Site "Buenos Aires"]
[Date "2019.03.25"]
[Round "5.6"]
[White "Acosta, Pablo Ismael"]
[Black "Contin, Daniel"]
[Result "1-0"]
[WhiteElo "2467"]
[BlackElo "2236"]
[Annotator "TA"]
[PlyCount "71"]
[EventDate "2019.03.20"]
[EventType "swiss"]
[EventCountry "ARG"]
[SourceTitle "playchess.com"]
[Source "ChessBase"]
[SourceQuality "1"]

{[%evp 14,71,-14,-13,-2,-31,-29,-47,-10,-33,-21,-19,0,-6,0,-11,10,-48,-2,-9,30,18,24,15,66,39,40,39,46,53,50,36,53,33,47,51,121,134,363,334,357,355,347,344,328,328,369,417,419,403,916,892,1439,1371,1221,1185,1137,968,29998,29999]} 1. c4 c5 2. Nc3 g6 3. g3 Bg7 4. Bg2 Nc6 5. e3 e6 6. Nge2 Nge7 7. Nf4 O-O 8. O-O Rb8 {A36: Symmetrical English vs ...g6: 4 Bg2 Bg7} (8... a6 9. d3 Rb8 10. Bd2 b5 11. b3 b4 12. Ne4 d6 13. Rb1 e5 14. Ne2 f5 15. Ng5 h6 16. Nh3 {½-½ (38) Hillarp Persson,T (2511)-Goganov,A (2637) Stockholm 2016}) 9. a3 b6 10. b4 $146 ({Predecessor:} 10. Qc2 Bb7 11. d3 Ne5 12. e4 N5c6 13. Nfe2 Nd4 14. Nxd4 cxd4 15. Ne2 d5 16. exd5 exd5 17. cxd5 Nxd5 {0-1 (31) Slaba,A (1648)-David,B (1922) Kouty nad Desnou 2015}) 10... Bb7 {Black is slightly better.} 11. Rb1 d6 12. Qe2 Bxc3 13. dxc3 Ne5 14. b5 Bxg2 15. Kxg2 ({White should try} 15. Nxg2 $11 d5 16. cxd5) 15... Qc7 16. e4 Qb7 17. h4 Nf5 18. Nh3 h5 (18... f6 $11) 19. f3 Ng7 20. Rd1 Rbd8 21. Bf4 f6 22. Bxe5 dxe5 23. Rd3 Kf7 24. Rbd1 Ke7 {[#]} ({Black should play} 24... Qc7 $14) 25. f4 $1 $16 Nf5 $2 (25... f5 $16 {is a better defense.}) 26. fxe5 $18 fxe5 27. Rxd8 Rxd8 28. Rxd8 Kxd8 {[#]} 29. Qf3 $1 Ne7 30. Qf8+ Kd7 31. Ng5 Qc7 (31... a6 $142 32. Qf7 axb5 33. cxb5 Qc7 34. Qxe6+ Ke8) 32. Nf7 Nc8 33. Qh8 Ne7 34. Nxe5+ Kd6 35. Qf8 Qb7 36. Nf7+ {Accuracy: White = 64%, Black = 19%.} 1-0

[Event "Legislatura Portena Open 2019"]
[Site "Buenos Aires"]
[Date "2019.03.25"]
[Round "5.6"]
[White "Acosta, Pablo Ismael"]
[Black "Contin, Daniel"]
[Result "*"]
[WhiteElo "2467"]
[BlackElo "2236"]
[Annotator "TA"]
[PlyCount "55"]
[EventDate "2019.03.20"]
[EventType "swiss"]
[EventCountry "ARG"]
[SourceTitle "playchess.com"]
[Source "ChessBase"]
[SourceQuality "1"]

{[%evp 11,12,8,8]} 1. c4 c5 2. Nc3 g6 3. g3 Bg7 4. Bg2 Nc6 5. e3 e6 6. Nge2 Nge7 {Predecessor:} 7. O-O $146 O-O 8. d4 cxd4 9. exd4 d5 10. cxd5 Nxd5 11. Nxd5 exd5 12. Be3 Be6 13. Qd2 Re8 14. Nf4 Qd7 15. Rfe1 Ne7 16. Nxe6 Qxe6 17. Bf4 Qd7 18. Be5 Nc6 19. Bxg7 Kxg7 20. h4 h6 21. Qf4 Rad8 22. Rad1 Rxe1+ 23. Rxe1 Qd6 24. Qd2 Qf6 25. Rd1 Qd6 26. Re1 Qf6 27. Rd1 Qd6 28. Re1 {½-½ (28) Matlakov,M (2700)-Grischuk,A (2771) St Petersburg 2018} *